| 000 | 00825nas a2200265 4500 | ||
|---|---|---|---|
| 001 | BR2017003311 | ||
| 003 | BR-BrBNA | ||
| 005 | 20231205131152.0 | ||
| 007 | ta | ||
| 008 | 230509b bl.|||p| |||| 00| 00por d | ||
| 040 |
_aBR-BrBNA _bpor _cBiblioteca Nacional de Agricultura |
||
| 041 | _a(En) | ||
| 072 | _aT01 | ||
| 100 | 1 | _aMellis, E.V. | |
| 100 | 1 | _aCasagrande, J.C. | |
| 100 | 1 | _aSoares, M.R. | |
| 245 | 1 | _aNickel adsorption and desorption in an acric oxiso as a function of pH, ionic strength and incubation time | |
| 650 | _aANÁLISE DO SOLO | ||
| 650 | _aSORÇÃO | ||
| 650 | _aMETAL PESADO | ||
| 650 | _aPOLUIÇÃO | ||
| 773 | 0 |
_tCiência e Agrotecnologia (Brazil) _xISSN 1413-7054 _g(Jan-Feb 2017), v. 41(1) p. 32-41 _wBR2017003311 |
|
| 909 |
_a202311 _bLúcia _c55 _dLúcia Elande |
||
| 942 |
_2AGRIS _n0 _cANA |
||
| 999 |
_c253373 _d253373 |
||